<?xml version="1.0" encoding="UTF-8"?>
<record
    xmlns:xsi="http://www.w3.org/2001/XMLSchema-instance"
    xsi:schemaLocation="http://www.loc.gov/MARC21/slim http://www.loc.gov/standards/marcxml/schema/MARC21slim.xsd"
    xmlns="http://www.loc.gov/MARC21/slim">

  <leader>00522nam a2200193Ia 4500</leader>
  <controlfield tag="008">220531s9999    xx            000 0 und d</controlfield>
  <datafield tag="020" ind1=" " ind2=" ">
    <subfield code="a">978-93-90225-44-6</subfield>
  </datafield>
  <datafield tag="041" ind1=" " ind2=" ">
    <subfield code="a">eng</subfield>
  </datafield>
  <datafield tag="082" ind1=" " ind2=" ">
    <subfield code="a">-</subfield>
    <subfield code="b">DAT / BHA</subfield>
  </datafield>
  <datafield tag="100" ind1=" " ind2=" ">
    <subfield code="a">Bharambe, M.</subfield>
    <subfield code="9">86318</subfield>
  </datafield>
  <datafield tag="245" ind1=" " ind2=" ">
    <subfield code="a">Data Structures and Algorithms - I    Sem - III</subfield>
  </datafield>
  <datafield tag="250" ind1=" " ind2=" ">
    <subfield code="a">.1st</subfield>
  </datafield>
  <datafield tag="260" ind1=" " ind2=" ">
    <subfield code="a">Pune</subfield>
    <subfield code="b">Nirali</subfield>
    <subfield code="c">2020</subfield>
  </datafield>
  <datafield tag="300" ind1=" " ind2=" ">
    <subfield code="a">5.54</subfield>
  </datafield>
  <datafield tag="542" ind1=" " ind2=" ">
    <subfield code="d">12-12-2020</subfield>
  </datafield>
  <datafield tag="650" ind1=" " ind2=" ">
    <subfield code="a">Data Structures</subfield>
    <subfield code="9">86319</subfield>
  </datafield>
  <datafield tag="906" ind1=" " ind2=" ">
    <subfield code="c">S.Y.B.S.C.(Comp.)</subfield>
    <subfield code="d">2020-2021</subfield>
    <subfield code="f">18941</subfield>
  </datafield>
  <datafield tag="999" ind1=" " ind2=" ">
    <subfield code="c">47416</subfield>
    <subfield code="d">47416</subfield>
  </datafield>
  <datafield tag="952" ind1=" " ind2=" ">
    <subfield code="0">0</subfield>
    <subfield code="1">0</subfield>
    <subfield code="2">ddc</subfield>
    <subfield code="4">0</subfield>
    <subfield code="7">0</subfield>
    <subfield code="8">Science</subfield>
    <subfield code="a">SSMM</subfield>
    <subfield code="b">SSMM</subfield>
    <subfield code="d">2020-12-12</subfield>
    <subfield code="e">Nirali</subfield>
    <subfield code="g">340.00</subfield>
    <subfield code="l">7</subfield>
    <subfield code="n">5</subfield>
    <subfield code="o">-/DAT/BHA/B/30135</subfield>
    <subfield code="p">SSMM-BK-30135</subfield>
    <subfield code="r">2025-12-10 16:20:55</subfield>
    <subfield code="s">2025-12-09</subfield>
    <subfield code="v">340.00</subfield>
    <subfield code="w">2022-08-06</subfield>
    <subfield code="y">BK</subfield>
    <subfield code="z">010030135</subfield>
  </datafield>
  <datafield tag="952" ind1=" " ind2=" ">
    <subfield code="0">0</subfield>
    <subfield code="1">0</subfield>
    <subfield code="2">ddc</subfield>
    <subfield code="4">0</subfield>
    <subfield code="7">0</subfield>
    <subfield code="8">Science</subfield>
    <subfield code="a">SSMM</subfield>
    <subfield code="b">SSMM</subfield>
    <subfield code="d">2020-12-12</subfield>
    <subfield code="e">Nirali</subfield>
    <subfield code="g">340.00</subfield>
    <subfield code="l">3</subfield>
    <subfield code="n">5</subfield>
    <subfield code="o">-/DAT/BHA/B/30136</subfield>
    <subfield code="p">SSMM-BK-30136</subfield>
    <subfield code="r">2024-12-11 00:00:00</subfield>
    <subfield code="s">2024-11-27</subfield>
    <subfield code="v">340.00</subfield>
    <subfield code="w">2022-08-06</subfield>
    <subfield code="y">BK</subfield>
    <subfield code="z">010030136</subfield>
  </datafield>
  <datafield tag="952" ind1=" " ind2=" ">
    <subfield code="0">0</subfield>
    <subfield code="1">0</subfield>
    <subfield code="2">ddc</subfield>
    <subfield code="4">0</subfield>
    <subfield code="7">0</subfield>
    <subfield code="8">Science</subfield>
    <subfield code="a">SSMM</subfield>
    <subfield code="b">SSMM</subfield>
    <subfield code="d">2020-12-12</subfield>
    <subfield code="e">Nirali</subfield>
    <subfield code="g">340.00</subfield>
    <subfield code="l">3</subfield>
    <subfield code="n">5</subfield>
    <subfield code="o">-/DAT/BHA/B/30137</subfield>
    <subfield code="p">SSMM-BK-30137</subfield>
    <subfield code="r">2024-12-11 00:00:00</subfield>
    <subfield code="s">2024-12-05</subfield>
    <subfield code="v">340.00</subfield>
    <subfield code="w">2022-08-06</subfield>
    <subfield code="y">BK</subfield>
    <subfield code="z">010030137</subfield>
  </datafield>
  <datafield tag="952" ind1=" " ind2=" ">
    <subfield code="0">0</subfield>
    <subfield code="1">0</subfield>
    <subfield code="2">ddc</subfield>
    <subfield code="4">0</subfield>
    <subfield code="7">0</subfield>
    <subfield code="8">Science</subfield>
    <subfield code="a">SSMM</subfield>
    <subfield code="b">SSMM</subfield>
    <subfield code="d">2020-12-12</subfield>
    <subfield code="e">Nirali</subfield>
    <subfield code="g">340.00</subfield>
    <subfield code="l">7</subfield>
    <subfield code="n">5</subfield>
    <subfield code="o">-/DAT/BHA/B/30138</subfield>
    <subfield code="p">SSMM-BK-30138</subfield>
    <subfield code="r">2025-12-10 16:20:42</subfield>
    <subfield code="s">2025-12-08</subfield>
    <subfield code="v">340.00</subfield>
    <subfield code="w">2022-08-06</subfield>
    <subfield code="y">BK</subfield>
    <subfield code="z">010030138</subfield>
  </datafield>
  <datafield tag="952" ind1=" " ind2=" ">
    <subfield code="0">0</subfield>
    <subfield code="1">0</subfield>
    <subfield code="2">ddc</subfield>
    <subfield code="4">0</subfield>
    <subfield code="7">0</subfield>
    <subfield code="8">Science</subfield>
    <subfield code="a">SSMM</subfield>
    <subfield code="b">SSMM</subfield>
    <subfield code="d">2020-12-12</subfield>
    <subfield code="e">Nirali</subfield>
    <subfield code="g">340.00</subfield>
    <subfield code="l">7</subfield>
    <subfield code="n">5</subfield>
    <subfield code="o">-/DAT/BHA/B/30139</subfield>
    <subfield code="p">SSMM-BK-30139</subfield>
    <subfield code="r">2025-08-18 00:00:00</subfield>
    <subfield code="s">2025-08-08</subfield>
    <subfield code="v">340.00</subfield>
    <subfield code="w">2022-08-06</subfield>
    <subfield code="y">BK</subfield>
    <subfield code="z">010030139</subfield>
  </datafield>
</record>
